Designing Wide Area Networks and Internetworks : A Practical Guide /

Gespeichert in:
Bibliographische Detailangaben
1. Verfasser: Marcus, J. Scott (autor)
Format: Buch
Sprache:Englisch
Veröffentlicht: Reading, EUA : Addison-Wesley, 1999, c1999
Schlagworte:
Tags: Tag hinzufügen
Keine Tags, Fügen Sie das erste Tag hinzu!

MARC

LEADER 00000nam^a2200000^a^4500
001 000164858
005 20250521000000.0
009 20260310100957.598
020 |a 0-201-69584-7 
037 |a Acervo ITESO - Biblioteca 
041 |a ING 
082 |a 621. 382171  |b MAR 
100 |a Marcus, J. Scott  |e (autor) 
245 1 0 |a Designing Wide Area Networks and Internetworks :  |b A Practical Guide /  |c J.S. Marcus. 
264 4 |a Reading, EUA :  |b Addison-Wesley,  |c 1999, c1999 
300 |a XIX, 385 p. 
336 |a texto  |b txt  |2 rdacontenido 
337 |a sin mediación  |b n  |2 rdamedio 
338 |a volumen  |b nc  |2 rdasoporte 
521 |a 2016 BO Licenciatura en Ingeniería en Redes y Telecomunicaciones Acreditación 
649 |a XX 
650 |a Protocolos de Comunicación 
650 |a Transmisión de Datos 
650 |a Proceso de Comunicación 
650 |a Internet 
650 |a Intranets 
650 |a Redes Privadas Virtuales 
650 |a Redes de Area Extensa 
650 |a Redes de Computadoras -  |x Diseño y Construcción 
650 |a Redes de Computadoras -  |x Seguridad 
650 |a Redes de Computadoras -  |x Administración 
650 |a Comunicación en Red 
650 |a Sistemas de Telecomunicación 
650 |a Telecomunicaciones 
650 |a Comunicaciones y Tránsito 
650 |a Ingeniería Computacional 
910 |a Fondo General 
920 |a Impresos - Libros 
930 |a Colección General 
905 |a 101 
901 |a 0500098984  |b IT1  |c ACC  |u 20250521 
901 |a 0500098987  |b IT1  |c ACC  |u 20250521 
902 |a https://opac.biblio.iteso.mx/vufind/Record/000164858